Playing with the Past: Exploring Values in Heritage Practice.
Salvato in:
| Autore principale: | |
|---|---|
| Natura: | Sconosciuto |
| Lingua: | inglese |
| Pubblicazione: |
New York, USA:
Berghahn Books,
2019.
|
| Soggetti: | |
| Tags: |
Aggiungi Tag
Nessun Tag, puoi essere il primo ad aggiungerne!!
|
MARC
| LEADER | 00000 a2200000 4500 | ||
|---|---|---|---|
| 003 | CL-VaPUC | ||
| 005 | 20220412165308.0 | ||
| 008 | 220329b ||||| |||| 00| 0 eng d | ||
| 999 | |c 434236 |d 434234 | ||
| 020 | |a 9781789203004 | ||
| 040 | |c Pontificia Universidad Católica de Valparaíso | ||
| 082 | 7 | |a 363.690071 CLA 2019 |2 22 | |
| 100 | |a Clark, Kate |9 865030 |e author | ||
| 245 | |a Playing with the Past: |b Exploring Values in Heritage Practice. | ||
| 260 | |a New York, USA: |b Berghahn Books, |c 2019. | ||
| 300 | |a 195 páginas | ||
| 583 | |k Cristina María Rojas Aguilar |c 20220329 | ||
| 650 | 0 | |a Bienes culturales |x Protección |x Estudio y enseñanza |9 867776 | |
| 650 | |a Preservación histórica |x Estudio y enseñanza |9 867777 | ||
| 650 | 0 | |a Historiografía |9 257871 | |
| 942 | |2 ddc |c BK | ||
| 952 | |0 0 |1 0 |2 ddc |4 0 |6 363_690071000000000_CLA_2019 |7 0 |8 A |9 582210 |a BIBING |b BIBING |c GEN |d 2022-03-29 |e 74 |g 37310.00 |i 5650239 |o 363.690071 CLA 2019 |p 5650239 |r 2025-01-20 |t 2 |v 37310.00 |w 2022-03-29 |y BK |k GEO | ||
| 952 | |0 0 |1 0 |2 ddc |4 0 |6 363_690071000000000_CLA_2019 |7 0 |8 A |9 582211 |a BIBING |b BIBING |c GEN |d 2022-03-29 |e 74 |g 37310.00 |i 5650238 |l 1 |m 1 |o 363.690071 CLA 2019 |p 5650238 |r 2025-01-20 |s 2022-04-22 |t 1 |v 37310.00 |w 2022-03-29 |y BK |k GEO | ||
| 952 | |0 0 |1 0 |2 ddc |4 0 |6 363_690071000000000_CLA_2019 |7 0 |8 A |9 582212 |a BIBING |b BIBING |c GEN |d 2022-03-29 |e 74 |g 37310.00 |i 5650240 |o 363.690071 CLA 2019 |p 5650240 |r 2025-01-20 |t 3 |v 37310.00 |w 2022-03-29 |y BK |k GEO | ||